Formel 1 Podium 2023 - Statistiken

Allgemein
  • Dieses Quiz wurde 1.130 mal gespielt
    867 seit der letzten Aktualisierung
  • Das Durchschnittsergebnis liegt bei 10 aus 11
Antwortstatistiken
Antwort % Korrekt
Max Verstappen
100%
Lewis Hamilton
99%
Carlos Sainz
98%
Charles Leclerc
98%
Sergio Perez
98%
Lando Norris
97%
Fernando Alonso
94%
George Russell
93%
Oscar Piastri
91%
Esteban Ocon
87%
Pierre Gasly
86%
Keine übereinstimmenden Quizze gefunden
Verteilung der Resultate
Anzahl Personen mit jedem Resultat
Perzentil nach korrekt beantworteten Fragen
Ihre Resultats-Entwicklung
Sie haben dieses Quiz seit der letzten Aktualisierung nicht gespielt